000
00314nam a2200121Ia 4500
008
220216s9999 xx 000 0 und d
100
_a
Scott J R
245
0
_a
Rubber test methods: 1961 meeting of ISO/TC 45
260
_b
Proceedings of the IRI
_c
1961
300
_a
188-194
650
_a
Test methods
942
_c
JS
999
_c
68031
_d
68031